000
00339nam a2200145Ia 4500
005
20251222153643.0
008
251222s9999||||xx |||||||||||||| ||spa||
020
_a
843969105X
082
_a
813.6/R71
100
_a
Roberts, Nora
245
0
_a
Sombra Nocturna
250
_a
1ra. ed.
264
_b
Harlequin Ibérica, S. A.
942
_c
LIB
999
_c
32800
_d
32800